| 000 | 01236am a2200409a 44500 | ||
|---|---|---|---|
| 003 | AR-BaBNM | ||
| 005 | 20251128211144.0 | ||
| 008 | 093020s1965 #AR|||||||||||000 | spa|| | ||
| 040 | _cAR-BaBNM | ||
| 100 | 1 | _aTouraine, Alain | |
| 245 | 1 | 0 |
_aHistoria general del trabajo _bla civilización industrial [1914-1960]. 4 |
| 250 | _a1ª ed. | ||
| 260 |
_aBarcelona _bGrijalbo _c1965 |
||
| 300 |
_a470 p. _bláms., il. |
||
| 490 | 0 | _aHistoria general del trabajo | |
| 650 | 4 | _aSIGLO VEINTE | |
| 650 | 4 | _aHISTORIA EUROPEA | |
| 650 | 4 | _aHISTORIA ECONOMICA | |
| 650 | 4 | _aCONDICIONES DE TRABAJO | |
| 650 | 4 | _aECONOMIA DEL TRABAJO | |
| 650 | 4 | _aTRABAJADORES | |
| 650 | 4 | _aCLASE BAJA | |
| 650 | 4 | _aREVOLUCION | |
| 650 | 4 | _aINDUSTRIALIZACION | |
| 650 | 4 | _aHISTORIA DEL TRABAJO | |
| 700 | 1 |
_aCazes, Bernard _ecolaborador |
|
| 700 | 1 |
_aDofny, Jacques _ecolaborador |
|
| 700 | 1 |
_aMercier, Paul _ecolaborador |
|
| 700 | 1 |
_aMottez, Bernard _ecolaborador |
|
| 700 | 1 |
_aTreanton, Jean-René _ecolaborador |
|
| 700 | 1 |
_aLaroque, Pierre _eprologuista |
|
| 700 | 1 |
_aFriedmann, Georges _ecolaborador |
|
| 700 | 1 |
_aReynaud, Jean-Daniel _ecolaborador |
|
| 800 | 1 |
_aParias, Louis-Henri _edirector |
|
| 942 | _cBK | ||
| 998 | _cmariana | ||
| 999 |
_c18485 _d18485 |
||